Top 10 countries with the fastest growing economy - Statistics

General Stats
  • This quiz has been taken 870 times
  • The average score is 4 of 10
Answer Stats
Rank Continent Country % Correct
1 Middle East Iran
78%
5 South America Venezuela
54%
8 Africa Ethiopia
52%
7 Africa Angola
39%
6 Europe Ukraine
33%
2 Africa Chad
29%
4 Africa Equatorial Guinea
26%
3 Africa Liberia
21%
10 Asia Mongolia
14%
9 Europe Liechtenstein
7%
No matching quizzes found
Score Distribution
Percent of People with Each Score
Percentile by Number Answered
Your Score History
You have not taken this quiz